Detalles MARC
| 000 -LÍDER |
| Campo fijo de descripción fija |
01478cam a2200337 i 4500 |
| 001 - NÚMERO DE CONTROL |
| Campo de control |
768714001 |
| 003 - IDENTIFICADOR DEL NÚMERO DE CONTROL |
| Campo de control |
CO-MdFUSB |
| 005 - FECHA Y HORA DE LA ULTIMA TRANSACCIÓN |
| control field |
20230309145630.0 |
| 007 - CAMPO FIJO DE DESCRIPCIÓN FIJA--INFORMACIÓN GENERAL |
| Campo fijo de descripción fija |
ta |
| 008 - ELEMENTOS DE LONGITUD FIJA -- INFORMACIÓN GENERAL |
| Campo fijo de descripción fija -- Información general |
070913t2008 miu | |0| | eng |
| 020 ## - NÚMERO INTERNACIONAL NORMALIZADO PARA LIBROS |
| Número Internacional Normalizado del libro |
9780801027017 |
| 040 ## - FUENTE DE CATALOGACIÓN |
| Agencia de catalogación original |
DLC |
| Agencia que realiza la transcripción |
CO-MdFUSB |
| Agencia que realiza la modificación |
YDXCP |
| -- |
BAKER |
| -- |
BTCTA |
| -- |
N#Z |
| -- |
C#P |
| -- |
LLU |
| Idioma de catalogación |
spa |
| Convenciones de la descripción |
rda |
| 041 ## - CÓDIGO DE IDIOMA |
| Código de idioma para texto/pista de sonido o título separado |
eng |
| 082 ## - NÚMERO DE CLASIFICACIÓN DECIMAL DEWEY |
| Número de la edición del Dewey |
23 |
| Número de clasificación |
220.601 |
| Clave de autor-Numero de item |
SP736 |
| 100 1# - ASIENTO PRINCIPAL--NOMBRE PERSONAL |
| Nombre personal |
Sparks, Kenton L. |
| Término relacionador |
autor |
| 245 10 - TÍTULO |
| Título del Material |
God's word in human words : |
| Parte restante del título - Subtitulo |
an evangelical appropriation of critical biblical scholarship |
| Mención de responsabilidad, etc. |
/ Kenton L. Sparks. |
| 264 #1 - PRODUCCIÓN, PUBLICACIÓN, DISTRIBUCIÓN, MANUFACTURA, Y COPYRIGHT |
| Lugar de producción, publicación, distribución, manufactura |
Grand Rapids, Mich. : |
| Nombre del productor, publicador, distribuidor |
Baker Academic, |
| Fecha de producción, publicación, distribución, manufactura, o copyright |
[2008] |
| 264 #4 - PRODUCCIÓN, PUBLICACIÓN, DISTRIBUCIÓN, MANUFACTURA, Y COPYRIGHT |
| Fecha de producción, publicación, distribución, manufactura, o copyright |
© 2008 |
| 300 ## - DESCRIPCIÓN FÍSICA |
| Extensión |
415 páginas ; |
| Dimensiones |
23 cm. |
| 336 ## - TIPO DE CONTENIDO |
| Fuente |
rdacontent |
| Término de tipo de contenido |
texto |
| Código de tipo de contenido |
txt |
| 337 ## - TIPO DE MEDIO |
| Fuente |
rdamedia |
| Nombre del tipo de medio |
sin mediación |
| Código del tipo de medio |
n |
| 338 ## - TIPO DE SOPORTE |
| Fuente |
rdacarrier |
| Nombre del tipo de soporte |
volumen |
| Código Tipo de soporte |
nc |
| 504 ## - NOTA DE BIBLIOGRAFÍA, ETC. |
| Nota de bibliografía, etc |
Incluye referencias bibliográficas (p. 375-394) e índices. |
| 505 ## - NOTA DE CONTENIDO |
| Nota de contenido con formato preestablecido |
Epistemología y hermenéutica -- Crítica histórica y asiriología -- El problema de la crítica bíblica -- Respuestas "tradicionales" a la crítica bíblica -- Respuestas constructivas a la crítica bíblica -- Los géneros del discurso humano -- Los géneros del discurso divino -- El contexto del todo e interpretación bíblica -- Negociar el contexto del todo -- Crítica bíblica y teología cristiana. |
| 563 ## - NOTA DE ENCUADERNACIÓN |
| Nota de encuadernación |
Rústico |
| 630 07 - TITULO UNIFORME |
| Título uniforme |
Biblia |
| Subdivisión de materia general |
Crítica, interpretación, etc. |
| 650 #0 - ASIENTO SECUNDARIO DE MATERIA - TERMINO TEMÁTICO |
| Término temático o nombre geográfico como elemento de entrada |
Evangelización |
| 9 (RLIN) |
362 |
| 942 ## - TIPO DE MATERIAL (KOHA) |
| Tipo de Item KOHA |
Libros General |
| 945 ## - INFORMACIÓN LOCAL DEL REGISTRO |
| Catalogador |
JTF-925 |